Davidson's principles and practice of medicine. (22nd ed.) (Record no. 63774)

MARC details
000 -LEADER
fixed length control field 01019nam a2200229 a 4500
008 - FIXED-LENGTH DATA ELEMENTS--GENERAL INFORMATION
fixed length control field 170302s2014 ||||||||||||||||| || u
020 ## - INTERNATIONAL STANDARD BOOK NUMBER
International Standard Book Number 9780702050350
050 ## - LIBRARY OF CONGRESS CALL NUMBER
Classification number RC 46 Dav
100 ## - MAIN ENTRY--PERSONAL NAME
Personal name Walker, Brian R
245 10 - TITLE STATEMENT
Title Davidson's principles and practice of medicine. (22nd ed.)
Statement of responsibility, etc. Edited By Brian R. Walker, Nicki R. Colledge, Stuart H. Ralston andIan D. Penman
250 ## - EDITION STATEMENT
Edition statement 22nd ed.
260 ## - PUBLICATION, DISTRIBUTION, ETC.
Place of publication, distribution, etc. Edinburgh:
Name of publisher, distributor, etc. Churchill Livingstone/Elsevier
Date of publication, distribution, etc. 2014
300 ## - PHYSICAL DESCRIPTION
Extent xix, 1372p.: ill.
350 ## -
-- 85.95
650 ## - SUBJECT ADDED ENTRY--TOPICAL TERM
Topical term or geographic name entry element MEDICINE
650 ## - SUBJECT ADDED ENTRY--TOPICAL TERM
Topical term or geographic name entry element INTERNAL MEDICINE
700 ## - ADDED ENTRY--PERSONAL NAME
Personal name Penman,Ian D
700 ## - ADDED ENTRY--PERSONAL NAME
Personal name Colledge, Nicki R
700 ## - ADDED ENTRY--PERSONAL NAME
Personal name Ralston, Stuart H
995 ## -
-- MEDICAL LIBRARY OPEN ACCESS
-- 903647
-- CBU-SCHOOL OF MEDICINE LIBRARY (Ndola)
-- 85.95
-- RC 46 Dav
-- 2
-- OUT
-- Nov 1, 2017
-- 903647
-- Medical Library Open Access Collection
995 ## -
-- MEDICAL LIBRARY OPEN ACCESS
-- 903642
-- CBU-SCHOOL OF MEDICINE LIBRARY (Ndola)
-- 85.95
-- RC 46 Dav
-- 1
-- AVAILABLE
-- Mar 7, 2017
-- 903642
-- Medical Library Open Access Collection
999 ## -
-- 63774
-- 63774
Holdings
Withdrawn status Lost status Source of classification or shelving scheme Damaged status Not for loan Permanent Location Current Location Shelving location Date acquired Total Checkouts Full call number Barcode Date last seen Copy number Price effective from Koha item type
          CBU-SCHOOL OF MEDICINE LIBRARY, NDOLA. CBU-SCHOOL OF MEDICINE LIBRARY, NDOLA.   02/01/2023   RC 46 Dav 903647 02/01/2023 1 02/01/2023 MONOGRAPH
          CBU-SCHOOL OF MEDICINE LIBRARY, NDOLA. CBU-SCHOOL OF MEDICINE LIBRARY, NDOLA.   02/01/2023   RC 46 Dav 903642 02/01/2023 2 02/01/2023 MONOGRAPH